000 01152nam0a22002651 4500
001 rc\390458
005 20030616165345.3
035 _a(NLR Aleph) 005640420
090 _a6662977
_c6662977
100 _a20030616d1989 u |0rusy50 ca
101 0 _arus
102 _aRU
105 _aa |||||||||
200 1 _aСИСТЕМЫ управления электроприводом продольно-резательного станка
_f[Кликунов С.Д., Агаджанян А.А.]
210 _aМ.
_cВНИИПИЭИ леспром
_d1989
215 _a37 с.
_cил.
_d21
225 1 _aЦеллюлоза, бумага и картон
_eОбзор. информ.
_fВсесоюз. н.-и. ин-т экономики, орг. упр. пр-вом и информ. по лесн., целлюлоз.-бум. и деревообр. пром-сти
_vВып. 3
300 _aВ надзаг. также: М-во лесн. пром-сти СССР
320 _aБиблиогр.: с. 35-36
701 1 _aКликунов
_bС. Д.
801 0 _aRU
_bNLR
_gpsbo
801 1 _aRU
_bELAR
_2rusmarc
852 _aNLR
_jП10/5575
942 _cBOOK
980 _aNB